| 000 | 01125cab a2200277 4500 | ||
|---|---|---|---|
| 001 | ##L134187 | ||
| 008 | 060717n2006 000 0 eng u | ||
| 035 | _a(Sirsi) u134187 | ||
| 041 | 0 | _aeng | |
| 100 | 1 | _aGoldie, Anna | |
| 245 | 0 | 0 |
_aNorth-west _bregional |
| 260 | _c2006 | ||
| 490 | 0 |
_aProperty Week _v71(28) 14 July 2006, 75-95(8) |
|
| 520 | _aReports on the limited route of Manchester's Metrolink tram extension which will miss out some of the poorest areas; regeneration schemes in Liverpool and Manchester spearheaded by English Cities Fund; retail schemes in Bolton, Macclesfield and Northwich; problems at a large industrial site in Wirral, where planners have refused to alter the manufacturing employment use; and small office development in Manchester's bohemian Northern Quarter. | ||
| 590 | _aIKA180706 | ||
| 651 | 4 | _aNORTH WEST ENGLAND | |
| 651 | 4 | _aMANCHESTER | |
| 651 | 4 | _aLIVERPOOL | |
| 651 | 4 | _aBOLTON | |
| 651 | 4 | _aMACCLESFIELD | |
| 651 | 4 | _aNORTHWICH | |
| 651 | 4 | _aWIRRAL | |
| 690 | _aPROPERTY-COMMERCIAL PROPERTY-COMMERCIAL PROPERTY MARKET | ||
| 700 | 1 | _aUnger, Paul | |
| 942 | _n0 | ||
| 999 |
_c77397 _d77397 |
||